The internal rate of return in Real Estate investment : a research monograph

Bibliographic Details
Main Author: Akerson, Charles B.
Corporate Authors: American Institute of Real Estate Appraisers, American Society of Real Estate Counselors
Format: Book
Published: Illinois : The American Society of Real Estate Counselors and American Institute of Real Estate Appraisers , c1976
Subjects:

MARC

LEADER 00000cam a2200000 7i4500
001 0000003752
005 20050503.0
040 |a INS 
090 0 0 |a HD1382.5.   |b A36 1976 
100 1 |a Akerson, Charles B. 
245 0 4 |a The internal rate of return in Real Estate investment :   |b a research monograph   |c Charles B. Akerson 
260 |a Illinois :   |b The American Society of Real Estate Counselors and American Institute of Real Estate Appraisers ,   |c c1976 
650 0 0 |a Corporations   |x Real Estate investments 
650 0 0 |a RealEstate investment 
710 2 |a American Institute of Real Estate Appraisers 
710 2 |a American Society of Real Estate Counselors 
999 |a 0000001705   |b BOOK   |c Open Shelf   |e Default branch